Algérie antique.

Saved in:
Bibliographic Details
Main Author: Bovis, Marcel.
Other Authors: Leschi, Louis.
Format: Book
Language:French
Published: Paris, Arts et métiers graphiques [1952]
Subjects:
Tags: Add Tag
No Tags, Be the first to tag this record!
LEADER 00810nam a2200241I 4500
001 005299349-3
005 20050319114125.0
008 751128s1952 fr ab 000 0 fre
010 |a  53024280  
035 0 |a ocm01862565 
040 |a DLC  |c FQG  |d HFL 
050 0 |a DT281  |b .B68 
082 |a 913.3973  |a 939* 
100 1 |a Bovis, Marcel. 
245 0 0 |a Algérie antique. 
260 |a Paris,  |b Arts et métiers graphiques  |c [1952] 
300 |a 197 p.  |b (chiefly illus., part col.) fold. map.  |c 27 cm. 
500 |a At head of title: Gouvernement général de l'Algérie. Direction de l'intérieur et des beaux-arts, antiquités et monuments historiques. 
500 |a Photographs by Marcel Bovis; text by Louis Leschi. 
651 0 |a Algeria  |x Antiquities. 
700 1 |a Leschi, Louis. 
988 |a 20020608 
906 |0 DLC